00809nam a2200193 a 450000500170000000800410001704000270005804100080008504400070009308200190010011000900011924501780020926000250038730001220041265000290053465000160056365000280057965000080060720200104041540.0140311t2002 it ao fr|||| 000 0 spa d aCO-BoIAVH cCO-BoIAVH 0 aspa ait04a333.9534bO68t2 aItaliabOrganización de las Naciones Unidas para la Agricultura y la Alimentación13aEl tratado internacional sobre los recursos fitogenéticos para la alimentación y la agricultura :badoptado por el 31° período de sesiones de la conferencia de la FAO aRoma :bFAO ,c2001. a27 páginas :bIlustraciones (algunas a color), fotografías (algunas a color) ;c30 x 21 cm.eContiene un folleto.16aRecursos fitogenéticos26aAgricultura26aDerechos del agricultor16aFAO